Proceedings of the IEEE
Αποθηκεύτηκε σε:
| Συγγραφή απο Οργανισμό/Αρχή: | |
|---|---|
| Μορφή: | Περιοδική έκδοση |
| Γλώσσα: | English |
| Δημοσίευση: |
New York :
Institute of Electrical and Electronics Engineers,
1963-
|
| Θέματα: | |
| Ετικέτες: |
Προσθήκη ετικέτας
Δεν υπάρχουν, Καταχωρήστε ετικέτα πρώτοι!
|
MARC
| LEADER | 00000nas a2200000 i 4500 | ||
|---|---|---|---|
| 001 | 1/48073 | ||
| 008 | 040205c19639999us eng | ||
| 022 | |a 00189219 | ||
| 035 | |l 10072187 | ||
| 040 | |a GR-MY-UA |b gre |e aacr | ||
| 041 | 0 | |a eng | |
| 082 | 0 | |a 621.38105 | |
| 110 | 2 | |a Institute of Electrical and Electronics Engineers. | |
| 245 | 1 | 0 | |a Proceedings of the IEEE |h [περιοδικό] / |c Institute of Electrical and Electronics Engineers. |
| 260 | |a New York : |b Institute of Electrical and Electronics Engineers, |c 1963- | ||
| 300 | |a τ. : |b εικ. ; |c 28 εκ. | ||
| 310 | |a Μηνιαίο | ||
| 500 | |a Η συνδρομή είναι διαθέσιμη σε ηλεκτρονική μορφή από το παγκόσμιο πλέγμα πληροφοριών | ||
| 650 | 0 | 0 | |a Radio |x Periodicals. |
| 650 | 0 | 0 | |a Electronics |x Periodicals. |
| 853 | |a INST |b CHIOS |c SER |h 621.38105 | ||
| 901 | |a BIBL2-2004-1 | ||
| 922 | |a 2ΕΛΗ |b 200101 |c ΚΕΝΤΡΙΚΗ ΒΙΒΛΙΟΘΗΚΗ |d SWETS | ||
| 970 | |a ΣΑΛΑΜΟΥΡΑ |b ΜΑΡΙΑ |z 2004/02/05 | ||